| 000 | 01097cam a2200325 a 4500 | ||
|---|---|---|---|
| 001 | 1745 | ||
| 005 | 20230926133827.0 | ||
| 020 | _a9780375856389 (trade pb) | ||
| 020 | _a9780375956386 (lib. bdg.) | ||
| 040 |
_aDLC _cDLC _dDLC _beng |
||
| 050 | 0 | 0 |
_aPZ8.3.C8183 _bMo 2009 |
| 082 | 0 | 0 |
_a310 _222 |
| 100 | 1 | _aCorey, Shana. | |
| 245 | 1 | 0 |
_aMonster parade / _cby Shana Corey ; illustrated by Will Terry. |
| 260 |
_aNew York : _bRandom House, _c2009. |
||
| 300 |
_a24 pages : _bcolor illustrations ; _c23 cm. |
||
| 490 | 0 | _aStep into reading. Step 2, reading with help | |
| 500 | _a"A sticker reader." | ||
| 500 | _a"2 sticker sheets inside!"--Cover. | ||
| 505 | _aF | ||
| 520 | _aChildren dressed in monster costumes attend a community party, march in a Halloween parade, and go trick-or-treating. | ||
| 521 | 0 |
_a330
_bLexile |
|
| 521 | 0 |
_aF
_bRaz-Plus |
|
| 650 | 1 | _aStories in rhyme. | |
| 650 | 1 |
_aHalloween _vFiction. |
|
| 650 | 1 |
_aMonsters _vFiction. |
|
| 700 | 1 |
_aTerry, Will, _d1966- _eillustrator |
|
| 906 |
_a7 _bcbc _corignew _d1 _eecip _f20 _gy-gencatlg |
||
| 942 |
_2ddc _cBK _n0 |
||
| 999 |
_c1745 _d1745 |
||